000 00909cam a2200181 4500
001 WB3647-24
008 000000n2000 000 0 eng u
035 _a(Sirsi) u109631
245 _aConflict over service area on M25
260 _c2000
490 _aEstates Gazette Case Summaries
_v[2000] EGCS 129(2) (25/11/00)
520 _a"Elmbridge BC and another; Totalfina Great Britain Ltd; Hadmere Ltd and another; Avalon Enterprises Ltd v SSETR and others" QBD: Administrative Court 10 December 2000, which examined proposals for a motorway service area on the M25 and the handling of the inquiry into the Downside site which was challenged by the promoters of other potential sites. Held, the challenges were successful.
590 _aWB
650 _aMOTORWAY SERVICE AREAS
650 _aENVIRONMENTAL ASSESSMENT
690 _aENVIRONMENTAL AND LAND CONSULTANCY-PLANNING AND DEVELOPMENT
942 _n0
999 _c65450
_d65450